Tuyên ngôn của Đảng Cộng sản

সংরক্ষণ করুন:
গ্রন্থ-পঞ্জীর বিবরন
প্রধান লেখক: Marx, Karl
বিন্যাস: গ্রন্থ
ভাষা:Undetermined
প্রকাশিত: Hà Nội Sự thật 1975
বিষয়গুলি:
ট্যাগগুলো: ট্যাগ যুক্ত করুন
কোনো ট্যাগ নেই, প্রথমজন হিসাবে ট্যাগ করুন!
Thư viện lưu trữ: Trung tâm Học liệu Trường Đại học Cần Thơ
LEADER 00501nam a2200181Ia 4500
001 CTU_4490
008 210402s9999 xx 000 0 und d
082 |a 335.43 
082 |b M392 
100 |a Marx, Karl 
245 0 |a Tuyên ngôn của Đảng Cộng sản 
245 0 |c Các Mác 
260 |a Hà Nội 
260 |b Sự thật 
260 |c 1975 
650 |a communism 
904 |i Nguyễn Quang Điền, 960625 
980 |a Trung tâm Học liệu Trường Đại học Cần Thơ